Código civil /
Guardado en:
| Formato: | Libro |
|---|---|
| Publicado: |
Buenos Aires :
Zaval¡a,
1990
|
| Materias: | |
| Etiquetas: |
Agregar Etiqueta
Sin Etiquetas, Sea el primero en etiquetar este registro!
|
| LEADER | 00513nam a22001815a 4500 | ||
|---|---|---|---|
| 001 | CEM.cems000579 | ||
| 005 | 20060210000000.0 | ||
| 008 | 130507s1990##################000#0#####d | ||
| 003 | CEMS | ||
| 082 | 0 | 4 | |a 346 |
| 245 | 0 | 0 | |a Código civil / |
| 260 | |a Buenos Aires : |b Zaval¡a, |c 1990 | ||
| 300 | |a 1506 p. | ||
| 500 | |a Edición al cuidado de Ricardo de Zaval¡a | ||
| 653 | |a Argentina-codigos | ||
| 653 | |a Codigo civil argentino | ||
| 653 | |a Derecho civil | ||
| 859 | |a CEMS |b BIB. CEMS - 11 de abril |h 346 |i AR37-3 |p 16099.91 |t Ej.1 | ||
